[Event "Groningen Festival 2019-A"]
[Site "Groningen"]
[Date "2019.12.24"]
[Round "4.1"]
[White "Ernst, Sipke"]
[Black "Beerdsen, Thomas"]
[Result "1-0"]
[WhiteElo "2541"]
[BlackElo "2482"]
[Annotator "TA"]
[PlyCount "95"]
[EventDate "2019.12.15"]
[EventType "swiss"]
[EventCountry "NED"]
[SourceTitle "playchess.com"]
[Source "ChessBase"]
[SourceQuality "1"]

{[%evp 18,95,14,2,9,8,26,24,20,24,45,50,47,10,10,11,62,62,106,89,101,95,114,41,35,42,49,47,41,44,400,406,393,404,388,393,383,361,375,370,370,385,343,327,621,621,630,633,632,449,449,0,629,613,614,599,574,537,1650,12685,12545,29955,5693,5381,5381,1876,29963,29964,29958,29958,29951,29950,29960,29959,6331,1454,6331,6329,6311,6247]} 1. d4 Nf6 2. c4 e6 3. g3 d5 4. Nf3 Bb4+ 5. Bd2 Be7 6. Bg2 O-O 7. O-O c6 8. Qc2 b6 9. Rd1 Nbd7 10. b3 a5 {E11: Bogo-Indian} 11. Bc3 Ba6 12. Nbd2 b5 {[%cal Rb5c4] White has an edge.} 13. e4 {[#]} Nxe4 $146 ({Predecessor:} 13... bxc4 14. bxc4 Nxe4 15. Nxe4 dxe4 16. Ne5 f5 17. Nxc6 Qe8 18. Bxa5 {1-0 (40) Ding,L (2742)-Gajewski,G (2659) Tromsoe 2014}) 14. Nxe4 dxe4 15. Ne5 Nxe5 $1 16. dxe5 Qb6 (16... Qc7 $1 $11) 17. Bxe4 bxc4 18. Bxh7+ Kh8 19. Be4 Kg8 20. Qe2 (20. Rd7 $16 cxb3 21. axb3) 20... cxb3 $14 21. Qh5 {[%csl Ge4][%cal Rh5h7]} g6 22. Qh6 b2 23. Rab1 $40 {[%mdl 128] White has some attack.} Rfd8 $2 {[%mdl 8192] [#]} ({Better is} 23... Qc5 $1 $14) 24. Bxg6 $1 $18 {[%mdl 512]} fxg6 (24... Rxd1+ 25. Rxd1 Qxf2+ 26. Kxf2 fxg6 27. Qxg6+ Kf8 28. Bd2 Bc5+ 29. Kf3 $1 {[%mdl 512]}) 25. Qxg6+ Kf8 26. Qh6+ Ke8 {And now ...Rxd1+ would win.} 27. Qh5+ Kf8 28. Qh8+ Kf7 29. Qh7+ Kf8 {[#]} 30. Bd2 $1 {[%cal Rd2h6] Bh6+ would kill now.} Rxd2 $2 (30... Bd3 31. Bh6+ Ke8 32. Rxd3 (32. Qg8+ Kd7 $16) 32... Rxd3 33. Qxd3 Qb5 34. Qg6+ Kd7) 31. Rxd2 {Threatens to win with Qh8+.} Rd8 32. Rbxb2 Qc5 33. Qh8+ Kf7 34. Qh7+ ({Weaker is} 34. Rxd8 Qc1+ 35. Kg2 Bf1+ 36. Kf3 Qc3+ 37. Kg4 Qc4+ 38. Kh5 Be2+ 39. Rxe2 (39. f3 {is a self mate.} Bxf3+ 40. Kh6 Bg5+ {[%mdl 64] Decoy} 41. Kxg5 Qg4+ 42. Kh6 Qh5#) 39... Qxe2+ 40. Kh6 Bxd8 $16) (34. Qh5+ $142 Kg7 35. Rxd8 Bxd8 36. Rd2) 34... Kf8 35. Qh6+ Kf7 {Hoping for ...Qc1+.} 36. Rxd8 Bxd8 {[#]} 37. Rb8 $1 {[%cal Rb8d8]} Qd5 {( -> ...Qd1+)} 38. Qh7+ Ke8 39. Qg8+ (39. Qh8+ $18 Ke7 40. h4 Qd1+ 41. Kh2) 39... Ke7 40. Qg7+ Ke8 41. h4 (41. Qh8+ $142 Ke7 42. h4 Qd1+ 43. Kh2) 41... c5 42. Qg8+ Ke7 43. Qg5+ Ke8 44. h5 Qd3 45. Qg8+ Ke7 46. Qg7+ {White is clearly winning.} Ke8 47. Kh2 {Intending Qh8+ and mate.} Qd2 {[#]} 48. Qg6+ {Played: Qg7-f6} 1-0

[Event "Groningen Festival 2019-A"]
[Site "Groningen"]
[Date "2019.12.24"]
[Round "4.2"]
[White "Lubbe, Nikolas"]
[Black "Poetsch, Hagen"]
[Result "1-0"]
[WhiteElo "2451"]
[BlackElo "2522"]
[Annotator "TA"]
[PlyCount "139"]
[EventDate "2019.12.15"]
[EventType "swiss"]
[EventCountry "NED"]
[SourceTitle "playchess.com"]
[Source "ChessBase"]
[SourceQuality "1"]

{[%evp 16,147,8,13,22,14,47,40,35,24,17,0,-8,-8,0,-10,16,17,16,8,11,16,14,2,8,0,0,0,0,-7,-8,-7,292,-6,-3,-12,0,0,0,0,8,8,6,0,52,49,49,50,56,56,56,56,43,8,65,65,72,73,65,72,80,76,72,73,122,122,111,94,114,89,122,122,176,97,97,85,85,87,114,95,110,94,95,98,79,72,154,94,117,115,154,154,154,154,153,154,154,122,154,154,154,106,154,154,154,146,146,146,154,153,215,215,215,215,1113,812,710,460,399,393,1799,977,464,409,5077,2151,29977,29978,29977,29979,29967,29967,29979,29980]} 1. Nf3 Nf6 2. g3 b6 3. d4 Bb7 4. c4 g6 5. Bg2 Bg7 6. O-O O-O 7. Nc3 Ne4 8. Nxe4 Bxe4 9. Be3 d5 {A50: Queen's Fianchetto Defence (1 d4 Nf6 2 c4 b6)} (9... c5 10. Qd2 d6 11. Rac1 Nd7 12. Rfd1 Nf6 13. Bh6 Qc7 14. Bxg7 Kxg7 15. Ne1 Rad8 16. f3 Bb7 17. d5 b5 18. b3 bxc4 19. bxc4 e5 {1-0 (56) Zherebukh,Y (2632)-Ipatov,A (2662) Saint Louis 2017}) 10. Rc1 c5 $146 ({Predecessor:} 10... Nc6 11. Qa4 Qe8 12. Rfd1 Rd8 13. Ne1 Bxg2 14. Kxg2 e5 15. cxd5 exd4 16. Qxc6 Qe4+ 17. Nf3 dxe3 {½-½ (45) Kaidanov,G (2544)-Benjamin,J (2524) Saint Louis 2019}) 11. cxd5 Qxd5 {White is slightly better.} 12. dxc5 Qxa2 13. Nh4 (13. Bd4 {looks sharper.} Bh6 14. Ra1 Qd5 15. Bc3 Qxd1 16. Rfxd1 bxc5 17. Ra5) 13... Bxg2 14. Nxg2 {Ra1 is the strong threat.} bxc5 15. Bxc5 Qxb2 16. Bxe7 Re8 17. Qd5 Na6 18. Nf4 Rab8 19. Bd6 Red8 20. Ne6 Nb4 ({Don't go for} 20... fxe6 $2 21. Qxe6+ Kh8 22. Bxb8 $18) 21. Qc5 fxe6 22. Bxb8 Rxb8 23. Qxa7 Qe5 $2 {[%mdl 8192]} (23... Nd5 $11) 24. Qd7 $2 (24. Rc5 $1 $18 {[%cal Rc5e5]} Nd5 25. e4 $1 {[%mdl 512]}) 24... Rf8 $11 25. e3 Qd5 26. Qxd5 exd5 27. Rfd1 Na2 28. Rc2 Nb4 29. Rc5 Re8 (29... Rb8 $11) 30. Rb5 $14 {[%mdl 1024] White has compensation.} Re4 31. Rc1 Bf8 $1 32. Rc8 {And now Rbb8 would win.} Kf7 33. Rb7+ Be7 34. Rh8 (34. Rd8 $5) 34... Kg7 (34... Nc6 $1 $11) 35. Re8 Nc6 $1 36. Rc8 $1 {[%cal Rc8c6]} Na5 37. Rb5 Nc4 38. Rc7 Kf6 39. Rxd5 Ne5 40. Kg2 Ke6 41. Ra5 h5 42. Ra6+ Bd6 43. Rc1 h4 (43... Rc4 $16 44. Rxc4 Nxc4) 44. Rd1 ({White should try} 44. f4 $18 Nc4 45. Rc3 (45. gxh4 Ke7 $14) 45... hxg3 46. hxg3) 44... Nf7 $16 45. Rda1 hxg3 46. hxg3 Rb4 47. R1a4 {aiming for Rxb4.} Rb2 48. Re4+ Kf5 49. Rd4 Ke6 50. g4 Rc2 (50... g5 $142) 51. Re4+ ({White should play} 51. g5 $1) 51... Ne5 52. Kg3 {Black must now prevent f4.} Rc4 53. Rxc4 Nxc4+ {[#]} 54. Kh4 $1 Nd2 {[#]} 55. f4 $1 Ne4 56. Ra4 Be7+ 57. Kh3 Nc5 58. Rb4 Nd7 59. Re4+ Kf7 60. g5 Nc5 61. Rc4 Ke6 62. Kg4 Nd3 (62... Kd7 $16 63. Rd4+ Ke8) 63. Rd4 $18 Nb4 64. e4 Nc2 $2 (64... Kf7 65. f5 Nc6) 65. Rd3 Nb4 66. Rc3 Kf7 67. f5 gxf5+ $2 (67... Bd6 68. Rh3 Nc6 69. fxg6+ Kg7 70. Rh7+ Kg8) 68. exf5 Nd5 69. Rd3 Nb4 (69... Nf6+ $142 70. gxf6 Kxf6) 70. Rd2 {Played: Rd3-d7} 1-0

[Event "Groningen Festival 2019-A"]
[Site "Groningen"]
[Date "2019.12.24"]
[Round "4.3"]
[White "Sargsyan, Shant"]
[Black "Zwirs, Nico"]
[Result "1/2-1/2"]
[WhiteElo "2601"]
[BlackElo "2422"]
[Annotator "TA"]
[PlyCount "114"]
[EventDate "2019.12.15"]
[EventType "swiss"]
[EventCountry "NED"]
[SourceTitle "playchess.com"]
[Source "ChessBase"]
[SourceQuality "1"]

{[%evp 17,114,27,34,34,29,25,31,33,24,19,27,35,27,29,41,21,34,31,43,43,50,38,35,35,51,45,37,45,43,46,37,43,42,42,40,0,0,0,0,0,0,0,0,4,6,5,26,0,0,0,0,6,15,0,26,0,0,0,0,0,0,0,0,0,0,0,0,0,0,0,0,0,0,0,0,0,0,0,0,0,0,0,0,0,0,0,0,0,0,0,0,0,0,0,0,0,0,0,0]} 1. e4 c5 2. Nc3 a6 3. Nf3 d6 4. g3 g6 5. d4 cxd4 6. Nxd4 Bg7 7. Bg2 Nf6 8. O-O O-O 9. h3 Nc6 10. Be3 {B91: Sicilian Najdorf: 6 g3} Rb8 $146 (10... Nxd4 11. Bxd4 b5 12. Nd5 Bb7 13. Bxf6 Bxf6 14. Nxf6+ exf6 15. c3 Re8 16. Re1 Re6 17. Re3 Qc7 {½-½ (62) Fedoseev,V (2713)-Van Foreest,J (2617) Hoogeveen 2018}) 11. Re1 Bd7 12. Nd5 {White is slightly better.} Re8 13. Rc1 Nxd5 14. exd5 Nxd4 15. Bxd4 Bh6 16. f4 Qa5 17. a3 b5 18. Kh2 b4 19. Qd2 Qb5 20. c4 bxc3 21. Bxc3 Bg7 22. Bxg7 Kxg7 23. b4 Qb6 24. Re3 Rbc8 25. Rce1 e6 26. g4 {next dxe6 is good for White.} (26. h4 {looks sharper.} exd5 27. Rxe8 Rxe8 28. Rxe8 Bxe8 29. Qxd5 Bb5 30. h5) 26... exd5 27. Rxe8 Rxe8 28. Rxe8 ({Much weaker is} 28. Bxd5 Rxe1 29. Qxe1 Qd4 $15) 28... Bxe8 29. Bxd5 Bd7 30. Qc3+ Kg8 31. Kg2 Be8 32. g5 Qb5 33. Qc4 Qb6 34. Bf3 Bd7 35. h4 Be6 36. Qc6 Qd4 {The position is equal.} 37. Qxa6 Qxf4 38. Qa8+ Kg7 39. Qe4 Qd2+ $1 40. Kg3 Qb2 41. a4 d5 42. Qf4 d4 43. b5 Qb4 $1 44. a5 Qxb5 45. Qxd4+ Kg8 46. Qb6 Qf1 47. Qb8+ Kg7 {[#] aiming for ...Qh3+.} 48. Qe5+ Kg8 49. Bg2 Qc4 50. Qb8+ Kg7 51. Bf3 Qf1 {[#] And now ...Qh3+ would win.} 52. Qe5+ Kg8 53. Bg2 Qc4 54. Be4 Qe2 55. Qb8+ Kg7 {Threatens to win with ...Qg4+.} 56. Qe5+ Kg8 57. Qb8+ Kg7 {Accuracy: White = 75%, Black = 79%.} 1/2-1/2

[Event "Groningen Festival 2019-A"]
[Site "Groningen"]
[Date "2019.12.24"]
[Round "4.4"]
[White "Van Foreest, Lucas"]
[Black "Tiviakov, Sergei"]
[Result "1/2-1/2"]
[WhiteElo "2526"]
[BlackElo "2615"]
[Annotator "TA"]
[PlyCount "73"]
[EventDate "2019.12.15"]
[EventType "swiss"]
[EventCountry "NED"]
[SourceTitle "playchess.com"]
[Source "ChessBase"]
[SourceQuality "1"]

{[%evp 14,73,18,12,48,40,56,20,39,20,45,45,33,30,34,34,52,34,50,56,45,45,45,42,66,64,64,62,62,51,62,61,69,60,69,68,65,64,78,63,72,70,85,76,81,80,84,72,101,72,91,75,68,51,53,44,47,0,48,0,53,0]} 1. d4 Nf6 2. c4 e6 3. Nc3 Bb4 4. Qc2 d5 5. cxd5 Qxd5 6. e3 c5 7. a3 Bxc3+ 8. bxc3 Nbd7 {E34: Nimzo-Indian: Classical: 4...d5} (8... O-O 9. f3 Qc6 10. Qb3 b6 11. a4 Ba6 12. Bb5 Bxb5 13. axb5 Qc7 14. Ne2 Rc8 15. e4 cxd4 16. cxd4 {½-½ (43) Indjic,A (2617)-Georgiev,K (2581) Subotica 2019}) 9. f3 Qd6 $146 ({Predecessor:} 9... Qc6 10. Bd3 e5 11. Bb2 c4 12. Be2 Nd5 13. Bc1 O-O 14. e4 Ne7 15. d5 Qa6 16. Be3 {1-0 (68) Tristan,L (2509)-Valerga,D (2418) Buenos Aires 2019}) 10. Bb2 e5 {The position is equal.} 11. e4 exd4 12. cxd4 cxd4 13. Rd1 O-O 14. Ne2 Qe7 15. Ng3 Ne5 16. Bxd4 Rd8 17. Kf2 Nc6 18. Bc5 Qe5 {[#] Strongly threatening ...Rxd1.} 19. Rxd8+ Nxd8 20. Be3 Ne6 21. Qd2 Bd7 22. Be2 Bc6 23. Rc1 a6 24. Qc3 Qxc3 25. Rxc3 g6 26. Bd3 Kf8 27. Ne2 Ke7 28. Nd4 Nxd4 29. Bxd4 Nd7 30. Ke3 f6 31. Be2 Kd6 32. Rc1 Re8 33. Kd2 Ne5 34. Bc5+ Kc7 35. Bd4 Kd6 $1 36. Bc5+ Kc7 $1 37. Bd4 {Accuracy: White = 55%, Black = 48%.} (37. h4 $14) 1/2-1/2

[Event "Groningen Festival 2019-A"]
[Site "Groningen"]
[Date "2019.12.24"]
[Round "4.5"]
[White "Vrolijk, Liam"]
[Black "Davtyan, Artur"]
[Result "1/2-1/2"]
[WhiteElo "2467"]
[BlackElo "2437"]
[Annotator "TA"]
[PlyCount "54"]
[EventDate "2019.12.15"]
[EventType "swiss"]
[EventCountry "NED"]
[SourceTitle "playchess.com"]
[Source "ChessBase"]
[SourceQuality "1"]

{[%evp 12,54,6,3,14,17,14,7,20,0,28,27,23,23,17,37,32,29,33,41,28,23,34,22,20,27,29,33,31,0,0,0,47,-41,26,23,33,23,25,-11,-14,-16,-12,-9,-9]} 1. d4 d5 2. c4 e6 3. Nf3 Nf6 4. Nc3 Be7 5. g3 dxc4 6. Bg2 O-O 7. Ne5 Qd6 {E06: Closed Catalan: Early deviations} 8. Nxc4 (8. O-O Qa6 9. a4 Nc6 10. Nb5 Nxe5 11. dxe5 Rd8 12. exf6 Rxd1 13. Rxd1 Bd6 14. Bf4 e5 15. Nxd6 cxd6 16. Bxe5 {1-0 (30) Nisipeanu,L (2656)-Nakamura,H (2745) Khanty-Mansiysk 2019}) 8... Qa6 9. b3 Rd8 10. a4 Bb4 11. Bb2 c5 $146 ({Predecessor:} 11... Nd5 12. Qc2 Nc6 13. Rd1 Na5 14. Ne5 b6 15. O-O Bxc3 16. Bxc3 {1-0 (45) Pfreundt,J (2410)-Namyslo,H (2199) Vienna 2019}) 12. O-O Bxc3 $1 13. Bxc3 Nc6 {[%cal Rc5d4]} 14. e3 cxd4 15. exd4 Nd5 16. Bb2 Bd7 17. Re1 b5 18. axb5 Qxb5 19. Nd6 Qb4 20. Ne4 Be8 21. Qd3 Rab8 22. Reb1 ({White should try} 22. Ng5 $1 $14 g6 23. Bxd5 Rxd5 {[%mdl 64] Double Attack} 24. Ne4) 22... Nde7 (22... Qxb3 $15 23. Bc3 Ncb4) 23. Ba3 $11 Qxd4 24. Qxd4 Rxd4 25. Bxe7 Nxe7 {The position is equal.} 26. Rxa7 Nc6 27. Rc7 Ne5 {Accuracy: White = 61%, Black = 59%.} 1/2-1/2

[Event "Groningen Festival 2019-A"]
[Site "Groningen"]
[Date "2019.12.24"]
[Round "4.6"]
[White "Krasenkow, Michal"]
[Black "Hilverda, Alexander"]
[Result "1-0"]
[WhiteElo "2611"]
[BlackElo "2294"]
[Annotator "TA"]
[PlyCount "67"]
[EventDate "2019.12.15"]
[EventType "swiss"]
[EventCountry "NED"]
[SourceTitle "playchess.com"]
[Source "ChessBase"]
[SourceQuality "1"]

{[%evp 13,67,28,30,24,21,30,20,8,60,35,37,22,29,18,28,24,65,66,84,77,87,61,104,102,105,88,95,95,103,108,116,111,136,134,267,265,241,244,255,222,209,210,212,198,196,195,306,301,275,194,511,525,705,689,633,634]} 1. d4 d5 2. c4 c6 3. Nf3 Nf6 4. e3 Bg4 5. Nc3 e6 6. h3 Bh5 7. g4 Bg6 8. Ne5 {D11: Slav Defence: 3 Nf3 sidelines and 3...Nf6 4 e3 Bg4} Nbd7 9. Nxg6 hxg6 10. g5 {The position is equal.} Nh5 (10... Ng8 $11) (10... Ne4 11. Nxe4 dxe4 12. Qb3 Qb6 13. h4 Bb4+ 14. Ke2 c5 15. Bg2 f5 16. gxf6 gxf6 {1-0 (57) Nihal,S (2576)-Vitiugov,N (2719) St Petersburg 2018}) 11. cxd5 exd5 12. Qg4 $146 ({Predecessor:} 12. h4 Bd6 13. Bd2 Qe7 14. Qb3 Nb6 15. O-O-O O-O 16. Be2 Bb4 17. Rde1 a5 18. Qd1 Nc4 19. Bxc4 dxc4 20. Qc2 Bxc3 21. Qxc3 b5 {½-½ (21) Lampert,J (2299)-Myers,G (2151) Winterthur 2012}) 12... Be7 13. Rg1 Qc7 14. Bd2 Nf8 15. Bd3 Qd7 16. O-O-O O-O-O 17. Kb1 Kb8 18. Qxd7 Rxd7 19. Ne2 {[%cal Bc3e2,Be2c1,Bc1b3][%mdl 32]} Ne6 20. h4 Rdd8 21. b4 Rde8 22. Nc1 b6 23. Nb3 c5 (23... Rd8 $16 24. Rc1 Rc8) 24. bxc5 bxc5 25. dxc5 Nxc5 26. Nxc5 Bxc5 27. Rc1 Bb6 28. a4 d4 {[%cal Rd4e3]} 29. e4 Bc7 (29... Re5 {is a better defense.} 30. Ka2 Rc8 31. Rxc8+ Kxc8 32. Rc1+ Kd7) 30. Ka2 $18 Re6 31. Rc5 Bf4 $2 {[#]} (31... Nf4 {is more resistant.} 32. Bc4 Rxh4) 32. Ba5 {White is clearly winning.} a6 33. Rb1+ Ka7 {and the idea ...Rb8 leaves Black hopeful.} 34. Bc4 {Accuracy: White = 88%, Black = 13%.} 1-0

[Event "Groningen Festival 2019-A"]
[Site "Groningen"]
[Date "2019.12.24"]
[Round "4.7"]
[White "Simet, Martin"]
[Black "Fier, Alexandr"]
[Result "0-1"]
[WhiteElo "2257"]
[BlackElo "2528"]
[Annotator "TA"]
[PlyCount "78"]
[EventDate "2019.12.15"]
[EventType "swiss"]
[EventCountry "NED"]
[SourceTitle "playchess.com"]
[Source "ChessBase"]
[SourceQuality "1"]

{[%evp 9,78,-4,10,-15,-8,-32,-29,-42,-29,-52,-47,-66,-62,-60,-60,-61,-57,-67,54,49,69,75,77,70,68,71,56,22,19,-30,30,27,31,0,0,0,14,0,19,-58,-41,-134,-117,-179,-163,-233,-246,-240,-120,-118,-127,-114,-104,-110,-75,-124,-114,-72,-99,-40,0,-683,-675,-614,-589,-29992,-29993,-29993,-29994,-29996,-1194]} 1. b3 e5 2. Bb2 Nc6 3. e3 Nf6 4. Bb5 Bd6 5. Na3 Na5 6. Nf3 {A01: Nimzowitsch-Larsen Opening} (6. Be2 a6 7. c4 O-O 8. Nb1 Re8 9. Nc3 Nc6 10. d3 Bf8 11. Nf3 d5 12. cxd5 Nxd5 13. O-O Nxc3 14. Bxc3 {1-0 (66) Karjakin,S (2753)-Riazantsev,A (2649) St Petersburg 2018}) 6... Qe7 7. Nc4 Nxc4 8. Bxc4 {Black has an edge.} c6 9. d4 {[%cal Rd4e5]} e4 10. Ne5 O-O 11. Be2 $146 ({Predecessor:} 11. g4 Bb4+ 12. c3 Ba5 13. g5 {0-1 (37) Senders,M (2312)-Balje,J (2218) Netherlands 2018}) 11... Bc7 12. a4 d6 13. Nc4 $1 d5 (13... Re8 $15) 14. Ba3 $14 Qe6 15. Bxf8 Kxf8 16. Nd2 Qf5 17. h3 Qg5 18. g4 Qh4 19. c3 a5 ({Black should try} 19... h5 20. Bf3 (20. gxh5 Bg3 $11) 20... Kg8) 20. Nf1 $11 Be6 21. Rg1 h6 22. Ng3 g6 23. Qc2 Bd6 24. Rb1 (24. Rh1 $11) 24... Nh7 $15 25. b4 ({White should play} 25. Rh1 $15) 25... axb4 $17 26. cxb4 (26. Rxb4 $17 Bxb4 27. cxb4) 26... Ng5 $19 27. a5 (27. Qd1 {might work better.}) 27... Nxh3 28. Rh1 Bxg3 (28... Bxg4 $19 29. Bf1 Bxg3 30. Bxh3 Bd6) 29. fxg3 $17 Qxg3+ {[%mdl 64] [#] Double Attack} 30. Kd2 Bxg4 31. Qc5+ Kg7 32. Bxg4 Qxg4 33. Qe7 {And now Qe5+ would win.} Qg2+ 34. Kc3 Qa2 {Hoping for ...Nf2.} 35. Rbf1 $2 {[%mdl 8192]} (35. Qxb7 $11 Nf2 36. Qxa8) 35... Nf2 $19 36. Qe5+ Kg8 {( -> ...Qc4+)} 37. Qf4 Qc4+ {Black mates.} 38. Kd2 Qxb4+ {[%mdl 64] [#] Double Attack} 39. Ke2 Qb2+ 0-1

[Event "Groningen Festival 2019-A"]
[Site "Groningen"]
[Date "2019.12.24"]
[Round "4.8"]
[White "Gleizerov, Evgeny"]
[Black "Van Dael, Siem"]
[Result "1-0"]
[WhiteElo "2508"]
[BlackElo "2255"]
[Annotator "TA"]
[PlyCount "55"]
[EventDate "2019.12.15"]
[EventType "swiss"]
[EventCountry "NED"]
[SourceTitle "playchess.com"]
[Source "ChessBase"]
[SourceQuality "1"]

{[%evp 25,55,30,39,0,0,0,10,0,65,52,58,58,74,75,69,72,79,77,56,53,38,59,288,113,370,369,332,343,522,361,416,385]} 1. d4 Nf6 2. c4 g6 3. Nc3 Bg7 4. e4 d6 5. Nf3 O-O 6. Be2 e5 7. O-O Nc6 8. d5 Ne7 9. Nd2 a5 10. a3 Nd7 11. Rb1 f5 12. b4 Kh8 13. Qc2 Nf6 14. Bb2 {E97: King's Indian: Classical Main Line (6...e5 7 0-0 Nc6): 8 Be3 and 8 d5 Ne7, not 9 Ne1} (14. f3 axb4 15. axb4 c6 16. Nb3 b5 17. c5 fxe4 18. fxe4 cxd5 19. Bg5 dxe4 20. cxd6 Qxd6 21. Nxb5 Qb6+ 22. Qc5 Qxc5+ 23. Nxc5 {½-½ (57) Beliavsky,A (2540)-Saric,I (2689) Biograd 2018}) 14... fxe4 15. Ncxe4 Bf5 $146 ({Predecessor:} 15... Nf5 16. Nf3 Bd7 17. Bd3 Nh5 18. g3 Qe7 19. c5 axb4 20. axb4 c6 21. Bc4 cxd5 22. Bxd5 {1-0 (31) Gleizerov,E (2579)-Gareyev,T (2431) Kaluga 2003}) 16. Bd3 {The position is equal.} c6 ({Black should try} 16... Nh5 $11) 17. Ng5 {Black must now prevent dxc6.} cxd5 {Hoping for ...e4.} 18. Bxf5 Nxf5 19. Ne6 {[%mdl 64] [#] Double Attack} Qc8 20. Nxf8 Bxf8 21. c5 d4 {[%cal Rd6c5]} 22. Nc4 {Nb6 is the strong threat.} Qc7 23. Qe2 $36 {[%mdl 2048] aiming for g4. White is more active.} Rc8 $2 {[#]} ({Better is} 23... dxc5 $14 24. Nxe5 Bd6) 24. Rbc1 $2 (24. g4 $1 $18 {is the precise move to win.}) 24... d5 $2 {[%mdl 8192]} (24... dxc5 $16 25. Nxe5 (25. Qxe5 Qf7 $14) 25... axb4) 25. Nxe5 $18 Re8 26. f4 Bh6 (26... Bg7 {might work better.} 27. Qb5 axb4 28. axb4 Bh6) 27. g3 Ne4 28. Rcd1 {Accuracy: White = 67%, Black = 28%.} 1-0

[Event "Groningen Festival 2019-A"]
[Site "Groningen"]
[Date "2019.12.24"]
[Round "4.9"]
[White "Kokje, Joris"]
[Black "Ulybin, Mikhail"]
[Result "0-1"]
[WhiteElo "2222"]
[BlackElo "2453"]
[Annotator "TA"]
[PlyCount "70"]
[EventDate "2019.12.15"]
[EventType "swiss"]
[EventCountry "NED"]
[SourceTitle "playchess.com"]
[Source "ChessBase"]
[SourceQuality "1"]

{[%evp 26,70,23,31,35,26,70,71,65,81,78,47,128,116,117,0,-9,-36,-32,-98,-106,-89,-52,-156,-125,-184,-184,-184,-183,-479,-477,-453,-451,-432,-415,-381,-201,-1170,0,-1014,-992,-5618,-5597,-5141,-5017,-29989,-29990]} 1. d4 e6 2. c4 Nf6 3. Nf3 c5 4. d5 exd5 5. cxd5 d6 6. Nc3 g6 7. e4 a6 8. a4 Bg4 9. Be2 Bg7 10. h3 Bxf3 11. Bxf3 Nbd7 12. O-O O-O 13. Bf4 Qe7 14. Re1 Rab8 {A75: Modern Benoni: Classical: 9...a6 10 a4 Bg4} 15. Qc2 {[#]} b5 $146 ({Predecessor:} 15... h5 16. Be2 Rfe8 17. Bf1 Nh7 18. Qd2 Bd4 19. Ne2 Bg7 20. Rab1 Rbc8 21. Kh1 c4 22. Nc3 {½-½ (50) Ganaus,H (2348)-Pavlovic,M (2569) Vienna 2003}) 16. axb5 axb5 {White is better.} 17. Be2 c4 {[#]} 18. Ra5 $1 Nc5 ({Better is} 18... b4 $14 19. Nb5 Qd8) 19. Rxb5 $16 Nh5 20. Bxh5 (20. Rxb8 $16 Rxb8 21. Be3) 20... Nd3 $1 $11 {[%cal Rd3e1]} 21. Rb1 {And now Rxb8 would win.} Nxf4 22. Rxb8 (22. Bf3 $15) 22... Rxb8 $17 23. Bf3 Qf6 24. Qd1 (24. Kf1 $15) 24... Nd3 $36 {[%mdl 2048] Black is on the roll.} 25. Qd2 {[#]} (25. Qc2 $17 {was worth a try.}) 25... Qxc3 $3 $19 {[%mdl 576] Remove Defender} 26. bxc3 Rxb1+ 27. Kh2 $2 (27. Bd1) 27... Be5+ ({Weaker is} 27... Rb2 28. Qd1 $17) 28. g3 Rb2 29. Qe3 {With the idea Be2.} Rxf2+ 30. Kg1 Bxg3 (30... Rc2 $142 31. Qa7 Rc1+ 32. Kg2 Rxc3) 31. Be2 $2 (31. Bg2 Be5 32. Qxf2 Nxf2 33. Kxf2) 31... Bh2+ 32. Kh1 Bf4 33. Qd4 Rxe2 34. Qxc4 Rd2 35. Qc6 Ne5 {Accuracy: White = 22%, Black = 72%.} 0-1

[Event "Groningen Festival 2019-A"]
[Site "Groningen"]
[Date "2019.12.24"]
[Round "4.10"]
[White "Pacher, Milan"]
[Black "Zhou, Guijue"]
[Result "1-0"]
[WhiteElo "2427"]
[BlackElo "2238"]
[Annotator "TA"]
[PlyCount "43"]
[EventDate "2019.12.15"]
[EventType "swiss"]
[EventCountry "NED"]
[SourceTitle "playchess.com"]
[Source "ChessBase"]
[SourceQuality "1"]

{[%evp 18,42,34,15,27,16,12,9,18,5,37,27,164,194,403,403,380,247,372,362,531,517,736,717,29998,29999,29999]} 1. e4 e5 2. Nf3 Nf6 3. Nxe5 d6 4. Nf3 Nxe4 5. d4 d5 6. Bd3 Nc6 7. O-O Be7 8. Nc3 Nxc3 9. bxc3 O-O 10. h3 Bf6 {C42: Petroff Defence: 3 Nxe5 and unusual White 3rd moves} (10... Re8 11. Rb1 b6 12. Re1 Bd6 13. Bg5 Rxe1+ 14. Qxe1 f6 15. Be3 Qe8 16. c4 dxc4 17. Bxc4+ Be6 18. Qc3 {0-1 (67) Nepomniachtchi,I (2714)-Mamedyarov,S (2757) Sochi 2014}) 11. Bf4 $146 ({Predecessor:} 11. Re1 Re8 12. Rxe8+ Qxe8 13. Bf4 Qd8 14. Qd2 Be6 15. Rb1 b6 16. Ng5 Bxg5 17. Bxg5 Qd7 18. Re1 {1-0 (48) Vuckovic,B (2572)-Savic,M (2539) Banja Vrucica 2009}) 11... Re8 12. Qd2 Ne7 {The position is equal.} 13. Rae1 c6 14. g4 h6 {[#]} (14... Rf8 $1 $11) 15. Bxh6 $1 $18 gxh6 $2 (15... Ng6) 16. Qxh6 {Threatening mate with Bh7+.} Bg7 {[#]} 17. Qh7+ $1 Kf8 18. Ng5 {And now Qh5 would win.} Bxg4 (18... f6 $142 19. f4 Nf5) 19. hxg4 {Qh5 is the strong threat.} Ng8 20. Qh5 {[%csl Gg5][%cal Rh5f7]} Re7 {[#]} 21. Qxf7+ $1 {[%mdl 512]} Rxf7 22. Nh7# 1-0